00295nam a22000977a 4500008004100000020001500041082002000056245008200076260003100158300000800189230629b xxu||||| |||| 00| 0 eng d a9289407387 a338.91bEC 2001 aDevelopment Co-operation with the Least Developed CountriesbFighting Poverty bEuropean Communitiesc2001 a51p